Micsoft Office sharepoint server 2C

Saved in:
Bibliographic Details
Format: Book
Tags: Add Tag
No Tags, Be the first to tag this record!
Call Number :

MARC

LEADER 00000pam a2200000 4500
001 29169
003 MY-KLNDU
005 20241218082742.0
020 0 0 |a 9780725622821 
035 |a 0000040074 
039 9 |a 200911181305  |b VLOAD  |y 200910091816  |z VLOAD 
245 0 0 |a Micsoft Office sharepoint server 2C 
591 |a 0000010738  |b 29/07/09  |c 0200-07  |d 1  |e RM240  |f 1  |g 240  |h YUHA Associates Sdn.Bhd 
999 |a vtls000038916  |c 29169  |d 29169